| 000 | 00730cab a2200217 4500 | ||
|---|---|---|---|
| 001 | WB2829-60 | ||
| 008 | 090401t1992 xxu||||| |||| 00| 0 eng d | ||
| 035 | _a(Sirsi) u63903 | ||
| 041 | _aeng | ||
| 245 | _aCity challenge winners | ||
| 260 | _c1992 | ||
| 350 | _a0 | ||
| 490 |
_aDoE News Release _v(497) 16 July 1992 (5) |
||
| 520 | _aThe 20 inner city areas, which will receive £37.5m each as part of the City Challenge programme have been announced along with four new Task Forces, created to encourage local enterprise, outside funding and employment opportunities. | ||
| 650 | _aCITY CHALLENGE | ||
| 650 | _aINNER CITIES | ||
| 650 | _aTASK FORCES | ||
| 690 | _aURBAN RENEWAL | ||
| 942 | _n0 | ||
| 948 | _c04/03/1997 | ||
| 999 |
_c39759 _d39759 |
||